Quizzes
Events
Quiz Creation
Community
Videos
Private Events
Remove Ads
Sign In
Join for FREE
Feedback
Dark Mode
Quiz Categories
Sports
Geography
Music
Movies
Television
Just For Fun
Miscellaneous
History
Literature
Language
Science
Gaming
Entertainment
Religion
Holiday
For Kids
Quiz Lab
Recent
Popular Today
Quiz Kudos Today
Editor Picks
Curator Picks
Quizzes by...
Day
Popularity
Type
Ratings
Length
Year
Community
Subscriptions
Recent Discussions
Orange Saloon
Badges
Playlists
Quests
Create
Leaderboards
Showdown
Live 5
Trivia Bingo
Activity
Puzzle Library
Sporcle Events
Private Events
Virtual Trivia
Globe League
Become a Host
Pub Owners
SporcleCon
Opinionation
Our Games
Videos
Blog
Mobile Apps
Partnerships
Remove Ads and Go Orange
Feedback
Science
Computer
Plants
Astronomy
Chemistry
Elements
Math
Animal
Physics
Anatomy
Biology
Geology
General Science
Science
Computer
Plants
Astronomy
Chemistry
Elements
Math
Animal
Physics
Anatomy
Biology
Geology
General Science
Random Quiz
Search Sporcle
×
Quiz Lab
Quiz Lab
Science
Type in answers that appear in a list
Type in answers that appear in a list
Classic
Best Score? Go Orange.
Elements By Clue Stats
Can you name the Elements By The Clue? ?
By
SexyLover
5m
30 Questions
28 Plays
28 Plays
28 Plays
Comments
Comments
Give Quiz Kudos
Give Quiz Kudos
-
- Ratings
hide this ad
Replay
Link that replays current quiz
Next Quiz
Link to next quiz in quiz playlist
You Got
0%
They Got
Avg Score
55%
Avg Friend Score
Upgrade to see
Score Distribution
Jump to the score distribution portion of the page
Score
0/30
Timer
05:00
0
Plays Today
Clue
Element
% Correct
The RMS _
_
_
_
_
c struck an iceberg.
Titanium
89.3%
Net _
_
_
_
_
s, in the Atkins Nutrition Approach, are calculated and restricted.
Carbon
85.7%
Bitter sweet is an _
_
_
moron.
Oxygen
85.7%
The California _
_
_
_
rush.
Gold
85.7%
Deutschland.
Germanium
82.1%
The scarecrow, the _
_
_
man and the cowardly lion.
Tin
78.6%
Paris is the capital of _
_
_
_
_
e.
Francium
78.6%
_
_
_
_
_
_
_
's Theory of Relativity.
Einsteinium
75%
Mother Teresa was awarded the _
_
_
_
_
peace prize.
Nobelium
71.4%
The Next _
_
_
_
Chef.
Iron
71.4%
The Beach Boys and Katy Perry sing about girls from here.
Californium
67.9%
In_
_
_
enza.
Fluorine
67.9%
Police officer.
Copper
64.3%
Kelly Clarkson won the first season of _
_
_
_
_
_
an Idol.
Americium
64.3%
To become a lawyer you must pass the _
_
_
.
Barium
64.3%
Clue
Element
% Correct
Don't be a pain in the _
_
_
_
!
Arsenic
60.7%
_
_
_
_
_
_
makes you retain water.
Sodium
57.1%
Plays are often broken into _
_
_
s.
Actinium
53.6%
_
_
_
_
: God of Thunder.
Thorium
50%
To guide someone or something along a way.
Lead
42.9%
One of the most abundant minerals in the human body, _
_
_
_
_
_
_
accounts for approximately 1.5% of total body weight.
Calcium
39.3%
The _
_
_
_
_
s of a circle.
Radium
39.3%
_
_
_
_
s George.
Curium
39.3%
_
_
_
_
_
_
_
luxury cars.
Mercury
35.7%
Woman, lady, girl, chick, _
_
_
.
Gallium
21.4%
_
_
_
_
_
a was a Phoenician princess in Greek mythology.
Europium
21.4%
Hades.
Plutonium
21.4%
The _
_
_
_
is a highschool dance.
Promethium
21.4%
The _
_
_
code.
Bromine
14.3%
To set right: correct : to restore to health.
Mendelevium
3.6%
Quiz Playlist
Details
Report
Send in Message
Add To Playlist
Classic:
Type in answers that appear in a list
Last Updated: Feb 16, 2017
Quiz Scoreboard
CHALLENGE
Sign Up to Join the Scoreboard
Show All
Scores
Hide
Comments
May contain spoilers
Recently Published
1-10 Letter E Words III
by El_Dandy
Language
2m
One Thing in Common: World Cities II
by knightlancer
Geography
7m
Popular People in 1961
by mucciniale
History
6m
More to Explore
Quiz From the Vault
Featured Blog Post
Where Did the Easter Bunny Come From?
hide this ad
You Might Also Like...
Tags
This quiz does not have any tags.
Today's Top Quizzes in Science
Browse Science
hide this ad
Top Contributed Quizzes in Science
1
Quick Pick: Radians
2
One Thing in Common: Science III
3
One Thing in Common: Science
4
Sporcle Puzzle Hunt: Science
5
One Thing in Common: Science II
6
Quick Pick: 'CI-CJ' Animals
7
Click the Parts of an Plant Cell
8
Elements In Images
9
Multiplication table 1-10
10
Square Numbers Scrambled (1-50)
Explore More
Trending Topics
Harry Potter
Disney
NBA
Kpop
Marvel
Crossword
Anime
Pokémon
WWE
Puzzle
The Office
Country
Soccer
NFL
Song
hide this ad
More By:
SexyLover
Quiz
Plays
Rating
Category
Featured
Created
The Oscar Trivia Quiz
386
3.38
Movies
Nov 4, 2011
Movies where Academy Award Winning Actresses Show Skin
227
3.43
Movies
Nov 4, 2011
Famous Acceptance Speeches
71
4.75
Just For Fun
Nov 4, 2011
Elements By Clue
28
5.00
Science
Dec 19, 2011
5 Word Webby Acceptance Speeches
9
5.00
Just For Fun
Nov 4, 2011
Go to Creator's Profile
Score Distribution
Quiz Creator Spotlight
SexyLover
Follow
Send a Message
Quizzes Created
-
Created Quiz Play Count
-
More By This Creator
Popular Quizzes Today
1
Find the US States - No Outlines Minefield
2
The Countries of the World
3
Popular People in 1961
4
Find the Countries of Europe - No Outlines Minefield
5
1-10 Letter E Words III
6
Find the US States
7
One Thing in Common: World Cities II
8
US States
More Science Quizzes
Blitz: Square Root or Square
Published
Trending Quizzes
1-10 Letter F Words
One Thing in Common: Music
1-10 Letter G Words
Risky Map Clicking: Next State Alphabetically
1-10 Letter F Words II
Recently Updated
Leaping Animals
pecheneg
Reality TV Shows (A-Z)
bhenderson79
Rickey Henderson's Hall of Fame Teammates
pecheneg
Champions League XIs: Arsenal
pecheneg
Quick Pick: Celebrities in WWE's Hall of Fame
aduchscher
A-Z Keypad Blitz II
pecheneg
Multiple Oscar Actors
pecheneg
Mystery Phrase Blitz: Oscar 'Best Actors'
pecheneg
F. Scott Fitzgerald Novels
LTH
Pick 3 Villains
ddd62291
Trending Topics
Crossword
Marvel
Anime
Kpop
NBA
Harry Potter
Disney
Song
Soccer
Country
Pokémon
Puzzle
WWE
NFL
The Office
Your Account Isn't Verified!
In order to create a playlist on Sporcle, you need to verify the email address you used during registration. Go to your
Sporcle Settings
to finish the process.
Report this User
Report this user for behavior that violates our
Community Guidelines
.
Details:
Send Report
Go to the Sporcle.com Mobile Site →
Comments